Memòria 1983-1987 / Junta de Sanejament. Generalitat de Catalunya. Departament de Política Territorial i Obres Públiques
Descripción Física:
75 p. : il., col. ; 27 cm
MARC
| LEADER | 00000nam a2200000Ia 4500 | ||
|---|---|---|---|
| 001 | 8389 | ||
| 008 | 160829s1988 xx 000 0 cat d | ||
| 080 | |a C-1-169 | ||
| 100 | |a Catalunya. Junta de Sanejament |9 20619 | ||
| 245 | |a Memòria 1983-1987 / Junta de Sanejament. Generalitat de Catalunya. Departament de Política Territorial i Obres Públiques | ||
| 260 | |a Barcelona : |b [la Junta], |c 1988 | ||
| 300 | |a 75 p. : |b il., col. ; |c 27 cm | ||
| 650 | |a Catalunya. Junta de Sanejament |x Memòries |9 37129 | ||
| 710 | |a Catalunya. |b Departament de Política Territorial i Obres Públiques |9 53042 | ||
| 901 | |a Arxiu | ||
| 942 | |n 1 | ||
| 952 | |0 0 |1 0 |4 0 |6 C1169 |7 1 |9 47686 |a Arxiu |b Arxiu |d 2016-12-01 |l 0 |o C-1-169 |p 8389 |r 2016-12-01 00:00:00 |w 2016-12-01 |y ARXIU | ||
| 999 | |c 51485 |d 51485 | ||